Responses for Show #7860 - Friday, November 9, 2018

2018 Teen Tournament quarterfinal game 3.

Contestants

[<< previous game]

Claire Sattler, a senior from Bonita Springs, Florida

Audrey Satchivi, a senior from Carmel, Indiana

Dan Oxman, a senior from South Orange, New Jersey

[next game >>]

Jeopardy! Round responses

PICTURE THE PREZ
SCHOLARSHIPS
ALL THINGS DISNEY
WORD ORIGINS
ON THE MENU
WHAT KIND OF PERSON ARE YOU?
    $200 21
JFK

Claire
    $200 26
Cambridge

Dan
    $200 3
Frozen

Claire
    $200 10
a parachute

Dan
    $200 12
McDonald's

Audrey
    $200 16
an impostor

Dan
    $400 22
Ronald Reagan

Dan
    $400 27
the PSAT

Dan
    $400 5
Epcot

Dan
    $400 9
a sorority

Dan
    $400 13
IHOP

Triple Stumper
    $400 17
diabetic

Audrey
    $600 23
Jimmy Carter

Claire
    $600 30
(Dan: What is the United Nations College Fund?)

the United Negro College Fund

DanAudrey
    $600 1
Emma Watson

Claire
    $1,000 6
(Dan: What is...)

vandalism

Dan
    $600 11
(Dan: What is a latte?)

a macchiato

DanAudrey
    $600 18
(Dan: What is an aerospace engineer?)

a rocket scientist

DanClaire
    $800 24
Thomas Jefferson

Audrey
    $800 29
duct tape

Audrey
    $800 2
The Descendants

Audrey
    $800 7
a lemur

Triple Stumper
    $800 14
carnitas

Claire
    $800 19
a triathlete

Claire
    $1000 25
Jackson

Claire
    $1000 28
the Google Science Fair

Audrey
    $1000 4
Aulani

Triple Stumper
    $1000 8
Genoa

Dan
    $1000 15
Panera Bread

Audrey
    $1000 20
a resident alien

Triple Stumper

Scores at the first commercial break (after clue 15):

Dan Audrey Claire
$400 $2,600 $1,600

Scores at the end of the Jeopardy! Round:

Dan Audrey Claire
$400 $6,200 $4,800

Double Jeopardy! Round responses

POSSESSIVE BOOK TITLES
NATURE
PRIMETIME TV
MOUNTAINS
AN "AX"
TO GRIND
    $400 7
Poor Richard

Dan
    $400 15
a tarantula

Claire
    $400 3
Grown-ish

Audrey
    $400 17
sea level

Audrey
    $400 25
a saxophone

Dan
    $400 30
(Claire: What is hand?)
(Dan: What is foot?)

nose

DanClaire
Triple Stumper
    $800 11
Ender's Game

Claire
    $800 16
(Claire: What is a redwood?)
(Alex: Be more specific.)
(Claire: Uh, California redwood?)
(Alex: Nope.)
(Claire: Redwood tree?)
(Dan: What is a giant redwood?)

a sequoia

DanClaire
Triple Stumper
    $800 2
The Four (or The Four: Battle for Stardom)

Audrey
    $800 18
a dome mountain

Triple Stumper
    $800 24
a galaxy

Dan
    $800 29
a pepper grinder (or pepper mill)

Audrey
    $2,000 12
Charlotte's Web

Claire
    $1200 1
(Dan: What is a jellyfish?)
(Alex: Be more specific.)
(Dan: Uh, what is a...)
(Alex: I need more.)
(Claire: What is a man o' war jellyfish?)

a moon jellyfish

DanAudreyClaire
    $1200 4
Supergirl

Claire
    $1200 19
Mars

Dan
    $1200 21
the climax

Claire
    $1200 26
World of Warcraft

Dan
    $1600 13
Gray's Anatomy

Audrey
    $2,000 8
(Dan: What are cicadas?)

fireflies

Dan
    $1600 5
Riverdale

Claire
    $1600 20
the Appalachians

Dan
    $1600 22
beeswax

Dan
    $1600 27
(Dan: What is a gullet?)

gizzard

DanClaire
    $2000 14
Schindler's List (or Oskar Schindler)

Audrey
    $2000 9
(Dan: What is belladonna?)

hemlock

Dan
Triple Stumper
    $2000 6
The Shannara Chronicles

Triple Stumper
    $2000 10
(Dan: What are the Caucasus?)

the Urals

DanClaire
    $2000 23
anthrax

Triple Stumper
    $2000 28
Iwo Jima

Claire

Scores at the end of the Double Jeopardy! Round:

Dan Audrey Claire
-$2,400 $13,400 $15,200

Final Jeopardy! Round responses

HOLIDAYS & OBSERVANCES
AudreyWhat is Cinco de Mayo?
$5,400
ClaireWhat is Cinco de Mayo?
$1,799
Cinco de Mayo

Final scores:

Dan Audrey Claire
-$2,400 $18,800 $16,999
3rd place: $5,000 if eliminated Automatic semifinalist 2nd place: $5,000 if eliminated

Game dynamics:

Coryat scores:

Dan Audrey Claire
$600 $13,400 $14,400
15 R,
11 W
(including 2 DDs)
16 R,
0 W
17 R
(including 1 DD),
3 W

Combined Coryat: $28,400

[game clues] [game scores] [suggest correction]

Game tape date: 2018-08-28
The J! Archive is created by fans, for fans. Scraping, republication, monetization, and malicious use prohibited; this site may use cookies and collect identifying information. See terms. The Jeopardy! game show and all elements thereof, including but not limited to copyright and trademark thereto, are the property of Jeopardy Productions, Inc. and are protected under law. This website is not affiliated with, sponsored by, or operated by Jeopardy Productions, Inc. Join the discussion at JBoard.tv.